Working together collective action, the commons, and multiple methods in practice /

Bibliographic Details
Main Author: Poteete, Amy R., 1968-
Corporate Author: ProQuest (Firm)
Other Authors: Janssen, Marco, 1969-, Ostrom, Elinor.
Format: Electronic eBook
Language:English
Published: Princeton, NJ : Princeton University Press, c2010.
Subjects:
Online Access:Click to View
LEADER 01712nam a2200433Ia 4500
001 EBC1249436
003 MiAaPQ
005 20200520144314.0
006 m o d |
007 cr cn|||||||||
008 091106s2010 njua sb 001 0 eng d
010 |z  2009046702 
020 |z 0691146039 (hardcover : alk. paper) 
020 |z 0691146047 (pbk. : alk. paper) 
020 |z 9780691146034 (hardcover : alk. paper) 
020 |z 9780691146041 (pbk. : alk. paper) 
020 |z 9781400835157 
035 |a (MiAaPQ)EBC1249436 
035 |a (Au-PeEL)EBL1249436 
035 |a (CaPaEBR)ebr10729246 
035 |a (CaONFJC)MIL502541 
035 |a (OCoLC)852758245 
040 |a MiAaPQ  |c MiAaPQ  |d MiAaPQ 
050 4 |a HD1286  |b .P75 2010 
082 0 4 |a 333.2  |2 22 
100 1 |a Poteete, Amy R.,  |d 1968- 
245 1 0 |a Working together  |h [electronic resource] :  |b collective action, the commons, and multiple methods in practice /  |c Amy R. Poteete, Marco A. Janssen, Elinor Ostrom. 
260 |a Princeton, NJ :  |b Princeton University Press,  |c c2010. 
300 |a xxiii, 346 p. :  |b ill. 
504 |a Includes bibliographical references and index. 
533 |a Electronic reproduction. Ann Arbor, MI : ProQuest, 2015. Available via World Wide Web. Access may be limited to ProQuest affiliated libraries. 
650 0 |a Commons  |x Management  |x Methodology. 
650 0 |a Global commons  |x Management  |x Methodology. 
650 0 |a Natural resources, Communal  |x Management  |x Methodology. 
655 4 |a Electronic books. 
700 1 |a Janssen, Marco,  |d 1969- 
700 1 |a Ostrom, Elinor. 
710 2 |a ProQuest (Firm) 
856 4 0 |u https://ebookcentral.proquest.com/lib/matrademy/detail.action?docID=1249436  |z Click to View